000 01337nam a2200241Ia 4500
003 Ost
005 20260507075753.0
008 260507s9999||||xx |||||||||||||| ||und||
020 _a9789931140382
040 _cfsecg
041 _aara
082 _a330.12
100 _aخويلدي، السعيد
_eمؤلف
245 0 _aالنظام الاقتصادي الدولي في إطار هيئة الامم المتحدة /
_c السعيد خويلدي
260 _aالجزائر:
_bدار أجيال الرقمي ,
_c2023
300 _a444 صفحة؛
_bإيضاحات ؛
_c24 سم
504 _aمراجع ص. 423-437
520 _aمفهوم وتطور النظام الاقتصادي الدول، وخصائصه،، كذلك آلياته، هياكل النظام الاقتصادي الدولي على مستوى أجهزة الأمم المتحدة، القواعد الاقتصادية وضرورة اصلاح منظومة الأمم المتحدة الاقتصادية، قواعد النظام الاقتصادي الدولي، إصلاح الأمم المتحدة في ظل النظام الاقتصادي الدولي الحالي.
653 _aالنظام الإقتصادي الدولي
653 _aالنظم الإقتصادية
653 _aمنظمة التجارة العالمية
942 _cكتاب
999 _c46234
_d46234